|
|
|
|
| LEADER |
00000nab a2200000 a 4500 |
| 001 |
vtls000546375 |
| 003 |
SK-MaSNL |
| 005 |
20260304094856.0 |
| 008 |
250425c1995 xo 0 slo |
| 015 |
|
|
|a SNBRB19rr/mm-uuuuu
|
| 035 |
|
|
|a CL0546513
|
| 035 |
|
|
|a urn:nbn:sk:snk-ab1jo6
|
| 035 |
|
|
|a (urnnbn)urn:nbn:sk:snk:ar-004acq
|
| 035 |
|
|
|a (uuid)8e303aa0-3b9b-45ad-9ff0-5b5d0582b07a
|
| 040 |
|
|
|a SNKBUCL
|b slo
|c SNKBUCL
|e AACR2
|
| 041 |
0 |
|
|a slo
|
| 044 |
|
|
|a xo
|c SK
|
| 080 |
|
|
|a 902.2(437.6):904(437.6):728.8(437.657)
|2 1981
|
| 080 |
|
|
|a 904(437.6)
|2 1981
|
| 080 |
|
|
|a 728.8(437.657)
|2 1981
|
| 100 |
1 |
|
|a Hoššo, Jozef,
|d 1946-2012
|4 aut
|9 102675
|
| 245 |
1 |
0 |
|a Hrad zo zlata postavený
|b Sláva starej Kremnice
|c Jozef Hoššo
|
| 300 |
|
|
|b Fotogr. 2
|
| 610 |
1 |
7 |
|a Kremnica (Slovensko : hrad)
|2 snkbucl
|9 160405
|
| 655 |
|
7 |
|a články z novín a časopisov
|2 snkbucl
|9 267496
|
| 773 |
0 |
|
|t Historická revue
|g Roč. 6, č. 3 (1995), s. 3-4
|
| 850 |
|
|
|a Slovenská národná knižnica
|
| 852 |
|
|
|a Slovenská národná knižnica
|
| 954 |
|
|
|a odborná, vedecká literatúra pôvodná (slovenská)
|2 lita
|
| 957 |
|
|
|a 5312
|
| 958 |
|
|
|a article27
|
| 958 |
|
|
|a RK
|
| 958 |
|
|
|a SK
|
| 958 |
|
|
|a OND
|
| 958 |
|
|
|a EUIPO
|
| 992 |
|
|
|a RBX
|
| 999 |
|
|
|c 2829421
|d 2831351
|